Exclusion and inclusion in changing India : (Record no. 2358)
[ view plain ]
| 000 -LEADER | |
|---|---|
| fixed length control field | 01577cam a2200385 i 4500 |
| 001 - CONTROL NUMBER | |
| control field | 12820234 |
| 003 - CONTROL NUMBER IDENTIFIER | |
| control field | GBCCL |
| 005 - DATE AND TIME OF LATEST TRANSACTION | |
| control field | 20241126110427.0 |
| 008 - FIXED-LENGTH DATA ELEMENTS--GENERAL INFORMATION | |
| fixed length control field | 160321s2015 ii 100 0 eng d |
| 020 ## - INTERNATIONAL STANDARD BOOK NUMBER | |
| International Standard Book Number | 9788187712381 (paperback) |
| 035 ## - SYSTEM CONTROL NUMBER | |
| System control number | (OCoLC)945194013 |
| 035 ## - SYSTEM CONTROL NUMBER | |
| System control number | (IiNdDKA)DK-254430-PBK |
| 035 ## - SYSTEM CONTROL NUMBER | |
| System control number | 12820234 |
| 040 ## - CATALOGING SOURCE | |
| Original cataloging agency | IiNdDKA |
| Language of cataloging | eng |
| Transcribing agency | IiNdDKA |
| Description conventions | rda |
| Modifying agency | CtY-D |
| 043 ## - | |
| -- | a-ii--- |
| 050 #4 - | |
| -- | HN39.I4 |
| -- | S68 2013 |
| 082 04 - DEWEY DECIMAL CLASSIFICATION NUMBER | |
| Classification number | 261.830954 |
| Edition information | 23 |
| Item number | EXC |
| 110 2# - MAIN ENTRY--CORPORATE NAME | |
| Corporate name or jurisdiction name as entry element | South Asian Institute of Advanced Christian Studies. |
| Subordinate unit | Annual Consultation |
| Number of part/section/meeting | (3rd : |
| Date of meeting or treaty signing | 2013 : |
| Location of meeting | Bangalore, India) |
| 9 (RLIN) | 4876 |
| 245 10 - TITLE STATEMENT | |
| Title | Exclusion and inclusion in changing India : |
| Remainder of title | papers from the 3rd SAIACS Consultation / |
| Statement of responsibility, etc. | edited by Steven W. Guest, Varughese John and Nigel Ajay Kumar. |
| 264 #1 - PRODUCTION, PUBLICATION, DISTRIBUTION, MANUFACTURE, AND COPYRIGHT NOTICE | |
| Place of production, publication, distribution, manufacture | Bangalore, India : |
| Name of producer, publisher, distributor, manufacturer | SAIACS Press, |
| Date of production, publication, distribution, manufacture, or copyright notice | [2015] |
| 300 ## - PHYSICAL DESCRIPTION | |
| Extent | xviii, 230 pages ; |
| Dimensions | 23 cm |
| 336 ## - CONTENT TYPE | |
| Content type term | text |
| Source | rdacontent |
| 337 ## - MEDIA TYPE | |
| Media type term | unmediated |
| Source | rdamedia |
| 338 ## - CARRIER TYPE | |
| Carrier type term | volume |
| Source | rdacarrier |
| 650 #0 - SUBJECT ADDED ENTRY--TOPICAL TERM | |
| Topical term or geographic name entry element | Church and social problems |
| Geographic subdivision | India |
| Form subdivision | Congresses. |
| 9 (RLIN) | 2139 |
| 650 #0 - SUBJECT ADDED ENTRY--TOPICAL TERM | |
| Topical term or geographic name entry element | Marginality, Social |
| General subdivision | Religious aspects |
| -- | Christianity |
| Form subdivision | Congresses. |
| 9 (RLIN) | 4877 |
| 650 #0 - SUBJECT ADDED ENTRY--TOPICAL TERM | |
| Topical term or geographic name entry element | Marginality, Social |
| Geographic subdivision | India |
| Form subdivision | Congresses. |
| 9 (RLIN) | 4878 |
| 650 #0 - SUBJECT ADDED ENTRY--TOPICAL TERM | |
| Topical term or geographic name entry element | Social integration |
| General subdivision | Religious aspects |
| -- | Christianity |
| Form subdivision | Congresses. |
| 9 (RLIN) | 4879 |
| 650 #0 - SUBJECT ADDED ENTRY--TOPICAL TERM | |
| Topical term or geographic name entry element | Social integration |
| Geographic subdivision | India |
| Form subdivision | Congresses. |
| 9 (RLIN) | 4880 |
| 700 1# - ADDED ENTRY--PERSONAL NAME | |
| Personal name | Guest, Steven W., |
| Relator term | editor. |
| 9 (RLIN) | 4881 |
| 700 1# - ADDED ENTRY--PERSONAL NAME | |
| Personal name | John, Varughese, |
| Relator term | editor. |
| 9 (RLIN) | 2468 |
| 700 1# - ADDED ENTRY--PERSONAL NAME | |
| Personal name | Kumar, Nigel Ajay, |
| Relator term | editor. |
| 9 (RLIN) | 1269 |
| 710 2# - ADDED ENTRY--CORPORATE NAME | |
| Corporate name or jurisdiction name as entry element | South Asian Institute of Advanced Christian Studies. |
| 9 (RLIN) | 4882 |
| 942 ## - ADDED ENTRY ELEMENTS (KOHA) | |
| Source of classification or shelving scheme | Dewey Decimal Classification |
| Koha item type | Books |
| Koha issues (borrowed), all copies | 4 |
| Withdrawn status | Lost status | Source of classification or shelving scheme | Damaged status | Not for loan | Home library | Current Library | Shelving location | Date acquired | Total checkouts | Full call number | Barcode | Date last seen | Date last checked out | Copy number | Price effective from | Koha item type |
|---|---|---|---|---|---|---|---|---|---|---|---|---|---|---|---|---|
| Dewey Decimal Classification | GRACE BIBLE COLLEGE | GRACE BIBLE COLLEGE | Ministry & Mission | 2017-08-08 | 4 | 261.830954 EXC | 014475 | 2025-05-01 | 2022-10-10 | c.1 | 2017-08-08 | Books |